Superhero Names Quiz Stats

 Plays Quiz not verified by Sporcle

Support Sporcle.
Go Orange.
Score 0/50 Timer 10:00
0 Plays Today
Superhero Alter Ego % Correct
Batman???
88.4%
Spiderman???
88.4%
Hulk???
88.4%
Captain America???
81.4%
Ironman???
79.1%
Flash???
76.7%
Nightwing???
76.7%
Winter Soilder???
74.4%
Green Lantern ???
72.1%
Wolverine???
69.8%
Doctor Strange???
67.4%
Catwomen???
65.1%
Professor X???
65.1%
Antman???
65.1%
Deadpool???
65.1%
Star Lord???
65.1%
Robin ( Not including the first robin)???
62.8%
Hawkeye???
62.8%
Black Panther???
62.8%
Green Arrow???
60.5%
Mr Fantastic ???
60.5%
Kid Flash???
58.1%
Human Torch???
58.1%
Invisible Women???
58.1%
Phoenix???
58.1%
Superhero Alter Ego % Correct
Cyclops???
53.5%
Deathstroke???
53.5%
Black Widow???
53.5%
Scarlet Witch???
53.5%
Wonder Women???
48.8%
Aquaman???
48.8%
Shazam ???
48.8%
Supergirl???
48.8%
Ms. Marvel???
48.8%
Red Arrow???
46.5%
The Thing???
44.2%
Quicksilver???
44.2%
Cyborg???
41.9%
Martian Manhunter???
39.5%
Thor???
34.9%
Black Canary???
34.9%
Nightcrawler???
34.9%
Hawkman???
30.2%
Storm???
30.2%
Rogue???
18.6%
Vixen???
11.6%
Superman???
11.6%
Daredevil???
11.6%
Hawkwomen???
9.3%
War Machine???
2.3%

You're not logged in!

Compare scores with friends on all Sporcle quizzes.
OR
Log In

From the Vault

Eight-Letter Words in Movie Titles

by aduchscher

Sometimes directors just wanna add extra syllables to their movies.
Remove Ads.
Support Sporcle.
Get the best of Sporcle when you Go Orange. This ad-free experience offers more features, more stats, and more fun while also helping to support Sporcle. Thank you for becoming a member.

Show Comments

Extras

Created Feb 8, 2018ReportNominate
Tags:Superhero Quiz, Alter, ego

Top Quizzes Today


Score Distribution

Your Account Isn't Verified!

In order to create a playlist on Sporcle, you need to verify the email address you used during registration. Go to your Sporcle Settings to finish the process.

Report this User

Report this user for behavior that violates our Community Guidelines.

Details: